Štatistika cestovného ruchu v kontexte rokov 1998 – 2013

Prezentácia spôsobu zberu údajov z oblasti štatistiky cestovného ruchu z pohľadu špecializácie Pracoviska ŠÚ SR v Prešove v horizonte rokov 1998 až 2013. V súvislosti so špecializáciou Pracovisko ŠÚ SR v Prešove zabezpečuje zber údajov v jednotlivých druhoch štatistických zisťovaní z cestovného ruch...

Full description

Saved in:
Bibliographic Details
Main Author: Kozoň, Ján
Other Authors: Jakubčová, Danka
Format: Book Chapter
Language:Slovak
Subjects:
Tags: Add Tag
No Tags, Be the first to tag this record!

MARC

LEADER 00000naa a2200000 4500
001 0192746
005 20220715093950.8
041 0 |a slo 
044 |a SK 
245 1 0 |a Štatistika cestovného ruchu v kontexte rokov 1998 – 2013  |c Ján Kozoň, Danka Jakubčová 
520 |a Prezentácia spôsobu zberu údajov z oblasti štatistiky cestovného ruchu z pohľadu špecializácie Pracoviska ŠÚ SR v Prešove v horizonte rokov 1998 až 2013. V súvislosti so špecializáciou Pracovisko ŠÚ SR v Prešove zabezpečuje zber údajov v jednotlivých druhoch štatistických zisťovaní z cestovného ruchu a zároveň je poverené správou registra ubytovacích zariadení cestovného ruchu. Analýza vývoja vybraných ukazovateľov z mesačných štatistických zisťovaní cestovného ruchu za obdobie rokov 2001 až 2013. 
610 2 0 |a metódy štatistické 
610 2 0 |a ukazovatele štatistické 
610 2 0 |a ruch cestovný 
610 2 0 |a zisťovanie štatistické 
100 1 |a Kozoň, Ján 
700 1 |a Jakubčová, Danka